Normal view
MARC view
Entry Personal Name
001 - CONTROL NUMBER
- control field: 22677
003 - CONTROL NUMBER IDENTIFIER
- control field: ARRUPE
005 - DATE AND TIME OF LATEST TRANSACTION
- control field: 20160302115231.0
008 - FIXED-LENGTH DATA ELEMENTS
- fixed length control field: 160302|| aca||aabn | a|a d
040 ## - CATALOGING SOURCE
- Original cataloging agency: ARRUPE
- Transcribing agency: ARRUPE
100 ## - HEADING--PERSONAL NAME
- Personal name: Lohse, Bernd, [from old catalog]
- Relator term: joint ed.
670 ## - SOURCE DATA FOUND
- Source citation: Work cat.: (ARRUPE)0: Busch, Harald, 1904- [from old catalog] ed. 22674, Baukunst der Romanik in Europa,, [1959]